films cultes - Statistiques

Statistiques générales
  • Ce quiz a été pris 728 fois
    595 depuis la dernière actualisation
  • Le résultat moyen est 46 sur 108
Statistiques - réponses
Par images Réponse % Correct
Joker
97%
Fight club
89%
Titanic
89%
Gladiator
86%
Le parrain
86%
Oppenheimer
85%
Retour vers le futur
85%
Matrix
84%
La ligne verte
81%
Pulp fiction
81%
Les dents de la mer
80%
Le loup de Wall Street
79%
Alien
76%
Forrest Gump
76%
Kill Bill
76%
The mask
74%
Interstellar
73%
Shining
73%
Saw
72%
Léon
71%
Shutter island
71%
The Truman show
71%
Scarface
64%
Edward aux mains d'argent
63%
Le silence des agneaux
63%
Black swan
62%
E.T. L'extraterrestre
62%
The dark knight
62%
Taxi driver
61%
Il faut sauver le soldat Ryan
59%
Les évadés
59%
Inception
56%
Seven
55%
S.O.S. fantômes
55%
Usual suspects
53%
American psycho
51%
Whiplash
51%
La liste de Schindler
50%
Le bon, la brute et le truand
49%
Le pianiste
49%
Once upon a time in Hollywood
49%
Da Vinci code
48%
Get out
48%
Le garçon au pyjama rayé
48%
Arrête-moi si tu peux
47%
Le cinquième élément
47%
Pretty woman
47%
Will Hunting
46%
Indiana Jones
45%
Le cercle des poètes disparus
44%
Drive
43%
Fury
40%
The social network
40%
Orange mécanique
38%
Parasite
38%
Le sixième sens
37%
Million dollar baby
37%
Ocean's eleven
35%
Babylon
34%
Memento
33%
The Grand Budapest Hotel
33%
Psychose
32%
Braveheart
31%
Inglourious basterds
31%
Predator
31%
Zodiac
31%
Il était une fois en Amérique
30%
American history X
29%
Full Metal Jacket
29%
The imitation game
29%
Thelma et Louise
29%
2001, l'odyssée de l'espace
28%
Le prestige
27%
Les affranchis
27%
L'étrange histoire de Benjamin Button
26%
The Irishman
26%
A la recherche du bonheur
25%
Casino royale
25%
Eternal sunshine of the spotless mind
24%
Lawrence d'Arabie
24%
Rain man
24%
Blade runner 2049
23%
Le labyrinthe de Pan
23%
Heat
22%
American beauty
21%
No country for old men
21%
Prisoners
21%
Vol au-dessus d'un nid de coucou
20%
Les infiltrés
19%
Reservoir dogs
19%
The machinist
19%
Apocalypse now
16%
Rencontre avec Joe Black
16%
Requiem for a dream
16%
Donnie Darko
15%
Dumb et Dumber
15%
Mulholland drive
15%
The game
15%
12 years a slave
14%
Inferno
13%
The thing
12%
Stand by me
10%
The big short
10%
There will be blood
10%
Légendes d'automne
8%
Sept ans au Tibet
7%
Un homme d'exception
6%
True romance
2%
Aucun quiz correspondant
Distribution des résultats
% des personnes avec chaque résultat
Percentile par nombre de réponses
Votre historique - résultats
Vous n’avez pas pris ce quiz depuis la dernière actualisation